Sports Quiz

Random Sports or Football Quiz

Cities that have hosted NFL Games outside of USA Quiz Stats

 Plays Quiz not verified by Sporcle

Score 0/15 Timer 04:00
0 Plays Today
Number of Games City % Correct
23London
97.1%
7Mexico City
97.1%
16Toronto
96.1%
13Tokyo
95.1%
2Barcelona
93.2%
5Berlin
93.2%
1Dublin
93.2%
6Montreal
90.3%
Number of Games City % Correct
1Sydney
90.3%
1Vancouver
90.3%
2Ottawa
75.7%
1Osaka
60.2%
1Monterrey
42.7%
1Hamilton
38.8%
1Göteborg
10.7%

You're not logged in!

Compare scores with friends on all Sporcle quizzes.
OR
Log In

Sporcle TV

Today on Sporcle TV


Watch our educational content, quiz creation guides, and fun videos on Sporcle TV.

Show Comments

Extras

Top Quizzes Today


Score Distribution

Your Account Isn't Verified!

In order to create a playlist on Sporcle, you need to verify the email address you used during registration. Go to your Sporcle Settings to finish the process.

Report this User

Report this user for behavior that violates our Community Guidelines.

Details: